<?xml version="1.0" encoding="UTF-8"?>
<record
    xmlns:xsi="http://www.w3.org/2001/XMLSchema-instance"
    xsi:schemaLocation="http://www.loc.gov/MARC21/slim http://www.loc.gov/standards/marcxml/schema/MARC21slim.xsd"
    xmlns="http://www.loc.gov/MARC21/slim">

  <leader>01387nam a22002657a 4500</leader>
  <controlfield tag="005">20140912123017.0</controlfield>
  <controlfield tag="008">140718s2011    ck a   gr     00010 spa d</controlfield>
  <datafield tag="020" ind1=" " ind2=" ">
    <subfield code="a">9789586601863</subfield>
  </datafield>
  <datafield tag="041" ind1=" " ind2=" ">
    <subfield code="a">spa</subfield>
  </datafield>
  <datafield tag="044" ind1=" " ind2=" ">
    <subfield code="a">ck</subfield>
  </datafield>
  <datafield tag="082" ind1="0" ind2="4">
    <subfield code="a">580.986</subfield>
    <subfield code="b">M82g</subfield>
  </datafield>
  <datafield tag="245" ind1="1" ind2="0">
    <subfield code="a">Gu&#xED;a ilustrada de propagaci&#xF3;n de especies silvestres del Parque Natural Municipal Rancher&#xED;a y su &#xE1;rea de influencia (Paipa-Boyac&#xE1;) Colombia /</subfield>
    <subfield code="c">Mar&#xED;a Eugenia Morales-Puentes, Pablo Andr&#xE9;s Gil-Leguizam&#xF3;n, Carlos Nelson D&#xED;az-P&#xE9;rez [y otros] ; ilustraciones y fotograf&#xED;as Alba Lorena Hern&#xE1;ndez Gordillo, Carlos Nelson D&#xED;az P&#xE9;rez, Diana Catalina Mu&#xF1;oz Lozano [et al].</subfield>
  </datafield>
  <datafield tag="260" ind1=" " ind2=" ">
    <subfield code="a">Tunja, </subfield>
    <subfield code="b">Corpoboyac&#xE1;, </subfield>
    <subfield code="c">Universidad Pedag&#xF3;gica y Tecnol&#xF3;gica de Colombia-UPTC</subfield>
    <subfield code="c">2011.</subfield>
  </datafield>
  <datafield tag="300" ind1=" " ind2=" ">
    <subfield code="a">107 p. </subfield>
    <subfield code="b">il.</subfield>
    <subfield code="c">16 cm.</subfield>
  </datafield>
  <datafield tag="490" ind1="1" ind2=" ">
    <subfield code="a">Colecci&#xF3;n investigaci&#xF3;n UPTC</subfield>
    <subfield code="v">46</subfield>
  </datafield>
  <datafield tag="500" ind1=" " ind2=" ">
    <subfield code="a">Glosario : p. 122-125.</subfield>
  </datafield>
  <datafield tag="504" ind1=" " ind2=" ">
    <subfield code="a">Incluye referencias bibliogr&#xE1;ficas (pag. 128-134)</subfield>
  </datafield>
  <datafield tag="650" ind1=" " ind2="4">
    <subfield code="a">Propagaci&#xF3;n de las plantas</subfield>
    <subfield code="z"> Parque Natural Municipal Rancher&#xED;a (Boyac&#xE1;, Colombia)</subfield>
    <subfield code="9">26866</subfield>
  </datafield>
  <datafield tag="650" ind1=" " ind2="4">
    <subfield code="a">Plantas silvestres</subfield>
    <subfield code="z"> Parque Natural Municipal Rancher&#xED;a (Boyac&#xE1;, Colombia)</subfield>
    <subfield code="9">26867</subfield>
  </datafield>
  <datafield tag="650" ind1=" " ind2="4">
    <subfield code="a">Plantas silvestres</subfield>
    <subfield code="x"> Fichas t&#xE9;cnicas.</subfield>
    <subfield code="9">26868</subfield>
  </datafield>
  <datafield tag="700" ind1="1" ind2=" ">
    <subfield code="a">Morales-Puentes, Mar&#xED;a Eugenia.</subfield>
    <subfield code="9">26869</subfield>
  </datafield>
  <datafield tag="700" ind1="1" ind2=" ">
    <subfield code="a">Gil-Leguizam&#xF3;n, Pablo Andr&#xE9;s.</subfield>
    <subfield code="9">26870</subfield>
  </datafield>
  <datafield tag="700" ind1="1" ind2=" ">
    <subfield code="a">D&#xED;az P&#xE9;rez, Carlos Nelson.</subfield>
    <subfield code="9">26871</subfield>
  </datafield>
  <datafield tag="942" ind1=" " ind2=" ">
    <subfield code="2">ddc</subfield>
    <subfield code="c">LIBRO</subfield>
  </datafield>
  <datafield tag="999" ind1=" " ind2=" ">
    <subfield code="c">8687</subfield>
    <subfield code="d">8687</subfield>
  </datafield>
  <datafield tag="952" ind1=" " ind2=" ">
    <subfield code="0">0</subfield>
    <subfield code="1">0</subfield>
    <subfield code="2">ddc</subfield>
    <subfield code="4">0</subfield>
    <subfield code="7">0</subfield>
    <subfield code="8">GENERAL</subfield>
    <subfield code="I">INV2017</subfield>
    <subfield code="a">Bogota</subfield>
    <subfield code="b">Bogota</subfield>
    <subfield code="d">2014-09-12</subfield>
    <subfield code="e">Instituto</subfield>
    <subfield code="g">39000.00</subfield>
    <subfield code="l">1</subfield>
    <subfield code="o">LB-580.986 M82g</subfield>
    <subfield code="p">038359</subfield>
    <subfield code="r">2018-02-13 00:00:00</subfield>
    <subfield code="s">2018-02-13</subfield>
    <subfield code="t">Ej. 1</subfield>
    <subfield code="w">2014-09-12</subfield>
    <subfield code="x">Donaci&#xF3;n</subfield>
    <subfield code="y">LIBRO</subfield>
  </datafield>
</record>
